The history of Henry Earl of Moreland.

Bibliographic Details
Main Author: Brooke, Henry, 1703?-1783
Format: eBook
Language:English
Edition:Second edition. ..
Series:Eighteenth century collections online.
Online Access:Full text online

MARC

Tag First Indicator Second Indicator Subfields
LEADER 00000cam a2200000 4500
001 in00001908254
006 m | d |
007 cr |n||||||||n
008 810811s1793 enk|||| s 00||||eng d
005 20260406210028.0
035 |a (CStRLIN)ESTCT127638 
040 |a Uk-ES  |c Uk-ES  |d CStRLIN  |d Thomson Gale  |d UtOrBLW 
100 1 |a Brooke, Henry,  |d 1703?-1783. 
240 1 0 |a Fool of quality.  |k Abridgments 
245 1 4 |a The history of Henry Earl of Moreland. 
250 |a Second edition. .. 
264 3 |a London :  |b printed by G. Paramore; and sold by G. Whitfield, and at all the Methodist preaching-houses in town and country,  |c 1793. 
300 |a 2 volumes ;  |c 12⁰. 
336 |a text  |b txt  |2 rdacontent 
337 |a computer  |b c  |2 rdamedia 
338 |a online resource  |b cr  |2 rdacarrier 
500 |a An abridgment by John Wesley of Henry Brooke's novel, 'The fool of quality'. 
500 |a Reproduction of original from the British Library. 
510 4 |a Baker,  |c 351 
510 4 |a English Short Title Catalog,  |c ESTCT127638. 
533 |a Electronic reproduction.  |b Farmington Hills, Mich. :  |c Thomson Gale,  |d 2003.  |n Available via the World Wide Web.  |n Access limited by licensing agreements  |7 s2003 miunns 
500 |a Electronic resource. 
830 0 |a Eighteenth century collections online. 
856 4 0 |u http://proxy.library.tamu.edu/login?url=https://galenet.galegroup.com/servlet/ECCO?c=1&stp=Author&ste=11&af=BN&ae=T127638&tiPG=1&dd=0&dc=flc&docNum=CW114141205&vrsn=1.0&srchtp=a&d4=0.33&n=10&SU=0LRK&locID=txshracd2898  |z Full text online  |t 0 
999 |a MARS 
999 f f |s a6c2056c-5757-33d1-8292-9e4964a4506e  |i faed113e-0349-3e36-acdd-db7860fbf69f  |t 0 
952 f f |a Texas A&M University  |b College Station  |c Electronic Resources  |s www_evans  |d Available Online  |t 0  |h No information provided 
998 f f |t 0  |l Available Online